Vlado Bednár v interpretácii

Bibliographic Details
Main Author: Kendra, Milan, 1979- (Author)
Format: Article
Language:Slovak
ISSN:1335-1702
Subjects:

MARC

LEADER 00000nab a2200000 a 4500
001 vtls008937620
003 SK-MaSNL
005 20260304140102.0
008 250505c2006 xo mr|p|||||||000 b|slo
015 |a SNBRB2007/01  |2 snkbucl 
035 |a (uuid)4bdc014e-b8f6-4ab7-8e21-92eae9d59409 
035 |a urn:nbn:sk:snk-ab9xos 
035 |a (urnnbn)urn:nbn:sk:snk:ar-a093qu 
038 |a SNKBUCL 
040 |a SNKBUCL  |b slo  |c SNKBUCL  |e AACR2 
041 0 |a slo 
044 |a xo  |c SK 
080 |a 82:929:821.162.4  |x (048)  |2 1997 
080 |a 821.162.4:929  |x (048)  |2 1997 
080 |a 82:09:821.162.4  |x (048)  |2 1997 
080 |a 821.162.4.09  |x (048)  |2 1997 
100 1 |a Kendra, Milan,  |d 1979-  |4 aut  |9 79219 
245 1 0 |a Vlado Bednár v interpretácii  |c Milan Kendra 
600 1 7 |a Bednár, Vlado,  |d 1941-1984  |2 snkbucl  |9 85443 
655 7 |a recenzie  |2 snkbucl  |9 21907 
773 0 |t RAK  |g Roč. XI, č. 10 (2006), s. 48 a 50  |x 1335-1702 
787 0 8 |i Rec.:  |a Glocko, Peter, 1970-  |t Ide dravec tvrdo na vec  |d Martin : Matica slovenská, 2004  |z 8070907665 
850 |a Slovenská národná knižnica 
852 |a Slovenská národná knižnica 
958 |a article13 
958 |a OND 
958 |a LX 
958 |a SK 
958 |a RC 
958 |a EUIPO 
999 |c 2913521  |d 2915451